| 000 | 00817nac a22002051u 4500 | ||
|---|---|---|---|
| 010 | _a 2002284663 | ||
| 020 | _a0130408646 | ||
| 082 | 0 | 0 |
_a621.382 _bS7827 |
| 090 |
_c425 _d425 |
||
| 100 | _aStallings, William. | ||
| 245 | 1 | 0 |
_aWireless communications and networking / _cWilliam Stallings. |
| 246 | 1 | 4 | _aWireless communications and networks |
| 260 |
_aUpper Saddle River, N.J. : _bPrentice Hall, _cc2002. |
||
| 300 |
_axii, 584 p. : _bill. ; _c24 cm. |
||
| 650 | 0 | _aWireless communication systems. | |
| 650 | 0 | _aWireless LANs. | |
| 856 | 4 | 1 |
_3Table of contents _uhttp://www.loc.gov/catdir/toc/fy032/2002284663.html |
| 942 |
_cBB _k621.382S7827 |
||
| 999 |
_c425 _d425 |
||